Hangeul Coréen - Statistiques

Statistiques générales
  • Ce quiz a été pris 2 221 fois
  • Le résultat moyen est 19 sur 24
Statistiques - réponses
Hint Réponse % Correct
a
100%
i
88%
o
88%
m
86%
s
86%
n
85%
u
84%
b
83%
l
81%
d
80%
eu
80%
ya
80%
ae
78%
eo
78%
h
78%
k
78%
p
78%
t
78%
j
77%
ye
70%
e
68%
yae
68%
wo
56%
ui
45%
Aucun quiz correspondant
Distribution des résultats
% des personnes avec chaque résultat
Percentile par nombre de réponses
Votre historique - résultats
Vous n’avez pas pris ce quiz